Normal view
MARC view
- Spinoza, J. R.
Entry Nombre Personal
001 - NUMERO DE CONTROL
- campo de control: 54301
003 - IDENTIFICADOR DE NUMERO DE CONTROL
- campo de control: MX-MxUPN
005 - FECHA Y HORA DE LA ÜLTIMA TRANSACCIÓN
- campo de control: 20241024150648.0
008 - DATOS DE LONGITUD FIJA
- campo de control de longitud fija: 241024nn acnnnaabn n ana d
040 ## - FUENTE DE CATALOGACIÓN
- Agencia original de catalogación: MX-MxUPN
- Lenguaje de catalogación: spa
100 1# - ENCABEZAMIENTO - NOMBRE PERSONAL
- Nombre personal: Spinoza, J. R.
670 ## - FUENTE EN LA QUE SE LOCALIZARON DATOS
- Cita de la fuente: ¿Qué quieres que te lea?, 2022 :
- Información localizada: portada (J. R. Spinoza)
902 ## - CATALOGADOR
- Catalogador: VíctorGodínez/241024
